A carregar...

NAARANATHUBHRANTHAN

Detalhes bibliográficos
Autor principal: MADHUSOODANAN,NAIR.V
Formato: Printed Book
Publicado em: KOTTAYAM D.C.BOOK 1994
Assuntos:
LEADER 00468nam a2200169 4500
020
082 |a 894.812 1 MAD 
100 |a MADHUSOODANAN,NAIR.V. 
245 |a NAARANATHUBHRANTHAN  |h MALAYALAM 
250
260 |a KOTTAYAM  |b D.C.BOOK  |c 1994 
300 |a 140 p  |f PB 
650 |a NAARANATHUBHRANTHAN 
700
942 |c TB 
999 |c 156191  |d 156191 
952 |0 0  |1 0  |4 0  |6 894_812000000000000_1_MAD  |7 0  |9 169648  |a ORI  |b ORI  |l 0  |o 894.812 1 MAD  |p ORI4813  |r 2019-10-25  |w 2019-10-25  |y TB